000 00482pab a2200169 454500
008 180718b2009 xxu||||| |||| 00| 0 eng d
100 _aOulasvirta, Lasse
245 _aFinancial autonomy and consistency of central government policy towards local governments
260 _c2009
300 _ap.311-32.
362 _aJun
650 _aLocal government
700 _aTurala, Maciej
773 _aInternational Review of Administrative Sciences
908 _aN
909 _a83105
999 _c83105
_d83105